000 02638cam a22003011i 4500
003 SA-RiAUC
005 20241204091201.0
008 241203s2006 jo f b 00000 ara c
040 _aSD-KhSNL
_bara
_cSA-RiAUC
_dKAC
_erda
050 4 _b.M36 2006
050 4 _bM366 2006
082 0 4 _a250.72
_qSA-RiAUC
090 _a250.72
_bم ن ص
100 1 _aمنصور، محمد خالد عبد العزيز
_eمؤلف.
245 1 0 _aأبحاث معاصرة في الفقه الإسلامي وأصوله :
_bدراسات مقارنة /
_cمحمد خالد عبد العزيز منصور.
250 _aالطبعة الأولى.
264 1 _aعمان، الأردن :
_bدار عمار للنشر والتوزيع،
_c2006
300 _a541 صفحة ؛
_c24 سم
336 _aنص
_btxt
_2rdacontent
_3كتاب
337 _aبدون وسيط
_bn
_2rdamedia
338 _aمجلد
_bnc
_2rdacarrier
504 _aببليوجرافية : صفحة 529-532.
520 _aيعتبر كتاب "أبحاث معاصرة في الفقه الإسلامي وأصوله: دراسات مقارنة" لمحمد خالد عبد العزيز منصور إضافة قيمة للمكتبة الفقهية المعاصرة. يسعى المؤلف من خلال هذا العمل إلى تقديم قراءة نقدية وتحليلية للقضايا الفقهية المعاصرة، معتمدا على منهجية مقارنة تجمع بين النصوص الشرعية والواقع المعاصر. وأهمية الكتاب تحديث الفقه: يساهم الكتاب في تحديث الفقه الإسلامي وتكييفه مع المتغيرات المعاصرة، وذلك من خلال دراسة القضايا الفقهية المستجدة وتقديم حلول لها وفقا للمبادئ الشرعية. النهج المقارن: يتبع المؤلف منهجا مقارنا في دراسة القضايا الفقهية، مما يساهم في إثراء النقاش الفقهي وتوسيع آفاقه. الاعتماد على المصادر الأصلية: يعتمد المؤلف بشكل أساسي على المصادر الأصلية في الفقه الإسلامي، مما يضفي على دراساته المصداقية والعمق. اللغة السلسة: يتميز الكتاب بلغة سلسة وواضحة، مما يسهل فهمه على مختلف شرائح القراء.
650 7 _aالفقه الإسلامي
_xبحوث
_2aucsh
650 7 _aأصول الفقه الإسلامي
_xبحوث
_2aucsh
942 _2ddc
_cBOOK
_n0
949 _aSA-JeALM
_d241203
_uosman123
_n1
999 _c3014
_d3014